Algunos materiales que ayudan a la comprensión de una escuela de anticipación y del aseguramiento del aprendizaje de todos los alumnos
Spremljeno u:
| Autor kompanije: | |
|---|---|
| Format: | Knjiga |
| Jezik: | španjolski |
| Izdano: |
Santiago
MINEDUC
2001
|
| Teme: | |
| Oznake: |
Dodaj oznaku
Bez oznaka, Budi prvi tko označuje ovaj zapis!
|
MARC
| LEADER | 00000nam a2200000 a 4500 | ||
|---|---|---|---|
| 001 | UCM7816 | ||
| 003 | CL-VaPUC | ||
| 008 | 030110e20010000CL |||||||||||||||||spa|d | ||
| 082 | 0 | 4 | |a 370.111 |b MIN |2 21 |
| 110 | 2 | |a Ministerio de Educación |e author |9 473450 | |
| 245 | 1 | 0 | |a Algunos materiales que ayudan a la comprensión de una escuela de anticipación y del aseguramiento del aprendizaje de todos los alumnos |
| 300 | |a 164 p | ||
| 942 | |c BK | ||
| 945 | |d 20030110 00:00:00 |a cmena | ||
| 260 | |a Santiago |b MINEDUC |c 2001 | ||
| 650 | 0 | |a Sistemas educacionales |9 324695 | |
| 650 | 0 | |a Innovaciones pedagógicas |9 307471 | |
| 650 | 0 | |a Socialización |9 309940 | |
| 650 | 7 | |a ORIENTACION EDUCACIONAL |2 CL-VaPUC |9 312512 | |
| 650 | 0 | |a Métodos de enseñanza |9 270413 | |
| 650 | 0 | |a Educación básica |9 224933 | |
| 650 | 0 | |a Planificación de la educación |9 307333 | |
| 650 | 7 | |a MATERIAL Y EQUIPO DIDACTICOS |2 CL-VaPUC |9 309109 | |
| 583 | |a last modification |c 20030110 00:00:00 |k Rodrigo Vera | ||
| 999 | |c 302481 |d 302479 | ||
| 952 | |0 0 |1 0 |4 0 |6 370_111000000000000_MIN_2001 |7 0 |8 P |9 363086 |a BIBEDU |b BIBEDU |c BIBEDU_PB |d 2019-11-21 |i 3875814 |o 370.111 MIN 2001 |p 3875814 |r 2024-01-25 |w 2019-11-21 |y BK |k EPE | ||
| 952 | |0 0 |1 0 |4 0 |6 370_111000000000000_MIN_2001 |7 0 |8 P |9 363087 |a BIBEDU |b BIBEDU |c BIBEDU_PB |d 2019-11-21 |i 3875822 |o 370.111 MIN 2001 |p 3875822 |r 2024-01-25 |w 2019-11-21 |y BK |k EPE | ||
| 952 | |0 0 |1 0 |4 0 |6 370_111000000000000_MIN_2001 |7 0 |8 P |9 363088 |a BIBEDU |b BIBEDU |c BIBEDU_PB |d 2019-11-21 |i 3875830 |o 370.111 MIN 2001 |p 3875830 |r 2024-01-25 |w 2019-11-21 |y BK |k EPE | ||
| 952 | |0 0 |1 0 |4 0 |6 370_111000000000000_MIN_2001 |7 0 |8 P |9 363089 |a BIBEDU |b BIBEDU |c BIBEDU_PB |d 2019-11-21 |i 3875849 |o 370.111 MIN 2001 |p 3875849 |r 2024-01-25 |w 2019-11-21 |y BK |k EPE | ||
| 952 | |0 0 |1 0 |4 0 |6 370_111000000000000_MIN_2001 |7 0 |8 P |9 363090 |a BIBEDU |b BIBEDU |c BIBEDU_PB |d 2019-11-21 |i 3875857 |o 370.111 MIN 2001 |p 3875857 |r 2024-01-25 |w 2019-11-21 |y BK |k EPE | ||
| 952 | |0 0 |1 0 |4 0 |6 370_111000000000000_MIN_2001 |7 0 |8 P |9 363091 |a BIBEDU |b BIBEDU |c BIBEDU_PB |d 2019-11-21 |i 3875865 |o 370.111 MIN 2001 |p 3875865 |r 2024-01-25 |w 2019-11-21 |y BK |k EPE | ||